Normal view
MARC view
- القدرية- فرق اسلامية- الشيعة- تاريخ- علم الكلام
Entry Topical Term
001 - CONTROL NUMBER
- control field: 43492
003 - CONTROL NUMBER IDENTIFIER
- control field: JO-AjAnu
005 - DATE AND TIME OF LATEST TRANSACTION
- control field: 20230606081216.0
008 - FIXED-LENGTH DATA ELEMENTS
- fixed length control field: 230606|| aca||aabn | a|a d
040 ## - CATALOGING SOURCE
- Original cataloging agency: JO-AjAnu
- Transcribing agency: JO-AjAnu
150 ## - HEADING--TOPICAL TERM
- Topical term or geographic name entry element: القدرية- فرق اسلامية- الشيعة- تاريخ- علم الكلام
670 ## - SOURCE DATA FOUND
- Source citation: Work cat.: (JO-AjAnu)22269: ابن تيميه،أبي العباس تقي الدين ، تحقيق: محمد رشاد سالم, author 43491, منهاج السنة النبوية، ج9